| 000 | 00405 a2200157 4500 | ||
|---|---|---|---|
| 999 |
_c10107 _d10107 |
||
| 020 | _a0340900474 | ||
| 050 | _aKF9201 ROE 2005 | ||
| 100 |
_aRoe, Diana _eauthor |
||
| 245 |
_aCriminal law / _cDiana Roe |
||
| 250 | _a3rd ed. | ||
| 264 |
_aLondon : _bHodder Arnold, _c2005 |
||
| 300 |
_axix, 310p. : _bill. |
||
| 500 | _aIncludes index | ||
| 650 | _aCriminal law | ||
| 942 |
_2lcc _cBK _e3rd ed. _h9201 _iROE _kKF |
||